| 000 | 00715cam a2200253 i 4500 | ||
|---|---|---|---|
| 001 | 2216064 | ||
| 003 | ARRUPE | ||
| 005 | 20170111154642.0 | ||
| 008 | 760308s1975 nyu b 001 0 eng | ||
| 010 | _a 75016811 | ||
| 020 | _a0801409918 | ||
| 040 |
_aDLC _cDLC _dDLC |
||
| 050 | 0 | 0 |
_aBC199.M6 _bW45 |
| 082 | 0 | 0 | _a160 |
| 100 | 1 |
_aWhite, Alan R., _d1922- _928267 |
|
| 245 | 1 | 0 |
_aModal thinking / _cAlan R. White. |
| 260 |
_aIthaca, N.Y. : _bCornell University Press, _c1975. |
||
| 300 |
_avi, 190 p. ; _c23 cm. |
||
| 500 | _aIncludes index. | ||
| 504 | _aBibliography: p. [182]-188. | ||
| 650 | 0 |
_aModality (Logic) _928268 |
|
| 906 |
_a7 _bcbc _corignew _d2 _eocip _f19 _gy-gencatlg |
||
| 942 |
_2lcc _cMONOGRAPH |
||
| 999 |
_c125954 _d125954 |
||